000
00332 a2200109 4500
001
ART_19082
005
20260410161921.0
008
260409a
245
1
0
_a
Constitucionalidad del principio "solve et repete"
100
1
_a
Jarach, Dino
773
0
_t
La información
_g
- Tomo XXXIX, Nº 590 (feb. 1979)
_w
REV14902
999
_c
27674
_d
27674